[Event "Drogheda Thomson op"]
[Site "Drogheda"]
[Date "2025.06.01"]
[Round "4"]
[White "Bolkeny, Gabor"]
[Black "Abdullayev, Rustem"]
[Result "0-1"]
[WhiteElo "1898"]
[BlackElo "1950"]
[PlyCount "82"]
[EventDate "2025.05.31"]
[EventType "swiss"]
[EventRounds "6"]
[EventCountry "IRL"]
[SourceTitle "CB23_2025"]
[SourceDate "2025.06.04"]
[SourceVersion "1"]
[SourceVersionDate "2025.06.04"]
[SourceQuality "1"]

1. g3 d5 2. Bg2 Nf6 3. d3 Bf5 4. Nd2 e5 5. c3 c6 6. Qc2 Bd6 7. e4 Bg6 8. Ne2 0-0 9. 0-0 Nbd7 10. h3 Re8 11. f4 exf4 12. Nxf4 Qc7 13. exd5 cxd5 14. Nb3 Rad8 15. Nxg6 hxg6 16. Bf4 Bxf4 17. gxf4 Re3 18. Nd4 Rde8 19. Rad1 Nc5 20. f5 g5 21. Rf3 Rxf3 22. Nxf3 g4 23. hxg4 Nxg4 24. Qd2 Qb6 25. d4 Ne4 26. Qf4 Nef6 27. Bh3 Re4 28. Qb8+ Re8 29. Qg3 Ne3 30. Re1 Qxb2 31. Ne5 Nc2 32. Re2 Qc1+ 33. Kh2 Na3 34. Rg2 Qh6 35. Qf2 Nb5 36. Qb2 Nd6 37. Rf2 Nde4 38. Rf3 Ng5 39. Rd3 b6 40. Qd2 Nxh3 41. Qxh6 gxh6 0-1